000
00268nam a2200109Ia 4500
008
190216s9999||||xx |||||||||||||| ||und||
100
_a
"Gordon E, Natarajan"
245
0
_a
Capital Market In India
260
_b
Macmillan India Ltd
_c
1999
300
_a
242p
942
_c
BK
999
_c
5969
_d
5969